| 000 | 00699nam a2200241Ia 4500 | ||
|---|---|---|---|
| 003 | OSt | ||
| 005 | 20221005115912.0 | ||
| 006 | a|||||r|||| 00| 0 | ||
| 007 | ta | ||
| 008 | 221004b |||||||| |||| 00| 0 eng d | ||
| 024 | _a58214 | ||
| 037 | _cTextual | ||
| 040 |
_aCRL _cCRL _beng |
||
| 041 |
_2eng _aeng |
||
| 082 | _aV2:241-8.N34, G5 | ||
| 100 |
_aChakrabarty D Co. _9628243 |
||
| 245 | 0 |
_aCongress in evolution _b A collection of congress resolutions from 1885-1934 etc. |
|
| 260 | _c1935 | ||
| 650 | _aHISTORY | ||
| 700 |
_a Bhattacharyya C Co. _9628244 |
||
| 942 |
_hV2:241-8.N34, G5 _cTEXL _2cc |
||
| 999 |
_c1036266 _d1036266 |
||